| 000 | 00957nas a2200313 4500 | ||
|---|---|---|---|
| 001 | BR2011004946 | ||
| 003 | BR-BrBNA | ||
| 005 | 20231205115547.0 | ||
| 007 | ta | ||
| 008 | 230509b bl.|||p| |||| 00| 00por d | ||
| 040 |
_aBR-BrBNA _bpor _cBiblioteca Nacional de Agricultura |
||
| 041 | _a(Pt) | ||
| 072 | _aL50 | ||
| 100 | 1 | _aStein, G.G. | |
| 100 | 1 | _aLacerda. L.A. | |
| 100 | 1 | _aHlavac, N. | |
| 100 | 1 | _aStolz, J.F.B. | |
| 100 | 1 | _aStein, I.V. | |
| 100 | 1 | _aFreitas, T.R.O. | |
| 100 | 1 | _aCarissimi, A.S. | |
| 245 | 1 | _aParâmetros hematológicos do roedor fossorial Ctenomys lami (Rodontia, Ctenomidae)no estado do Rio Grande do Sul | |
| 650 | _aROEDOR | ||
| 650 | _aHEMATOLOGIA | ||
| 650 | _aANÁLISE QUÍMICA | ||
| 650 | _aRIO GRANDE DO SUL | ||
| 773 | 0 |
_tPesquisa Veterinária Brasileira (Brazil) _xISSN 0100-736X _g(Aug 2010), v. 30(8) p. 670-675 _wBR2011004946 |
|
| 909 |
_a202311 _bLúcia _c55 _dLúcia Elande |
||
| 942 |
_2AGRIS _n0 _cANA |
||
| 999 |
_c214446 _d214446 |
||